00569 2200193 4500001002100000005001500021035002000036007000300056008004100059082001100100084001700111100001400128245011600142250001100258260004100269300003300310650002300343990000900366INLIS00000000000161020180221090123 a0010-0218000205ta180221 g 0 ind  a304.66 a304.66 IND p0 aINDONESIA1 aPanduan Pelatihan Implant dan IUD TCu 380 A :bBadan Koordinasi Keluarga Nerencana Nasional ( KB ) /cIndonesia acet. 4 aJakarta :bBadan Kordinasi KB,c1995 aix; 63 hlm ;c15,5 x 21,5 cm aKELUARGA BERENCANA a3722